| 000 | 00572nam a2200217 a 4500 | ||
|---|---|---|---|
| 999 |
_c6500 _d6500 |
||
| 001 | 6500 | ||
| 003 | BD-JhCC | ||
| 005 | 20180124105046.0 | ||
| 008 | 180124s1937 n |||| || | 000 0 eng d | ||
| 035 | _a(BD-JhCC)6500 | ||
| 040 |
_aBD-JhCC _dBD-JhCC |
||
| 041 | _aeng | ||
| 082 |
_a813.52 _bCOZ 1937 |
||
| 100 | _aCozzens, James Gould | ||
| 245 |
_aChildren and Others / _cJames Gould Cozzens, |
||
| 260 |
_aNew York : _bHarcourt, Brack & World, Inc., _c1937 |
||
| 300 |
_a343 p. : _c24 cm. |
||
| 650 |
_aShort Stories _zAmerican |
||
| 942 |
_2ddc _cBK |
||